AIRES MATEUS Architectural Terrains: Five Investigations (Record no. 12774)
[ view plain ]
| 000 -LEADER | |
|---|---|
| fixed length control field | 00372 a2200145 4500 |
| 003 - CONTROL NUMBER IDENTIFIER | |
| control field | OSt |
| 005 - DATE AND TIME OF LATEST TRANSACTION | |
| control field | 20240710180845.0 |
| 008 - FIXED-LENGTH DATA ELEMENTS--GENERAL INFORMATION | |
| fixed length control field | 240710b ||||| |||| 00| 0 eng d |
| 020 ## - INTERNATIONAL STANDARD BOOK NUMBER | |
| International Standard Book Number | 9783966800143 |
| 082 ## - DEWEY DECIMAL CLASSIFICATION NUMBER | |
| Classification number | 624.151 |
| 100 ## - MAIN ENTRY--PERSONAL NAME | |
| Personal name | Manuel Aires Mateus |
| 245 ## - TITLE STATEMENT | |
| Title | AIRES MATEUS Architectural Terrains: Five Investigations |
| 260 ## - PUBLICATION, DISTRIBUTION, ETC. (IMPRINT) | |
| Name of publisher, distributor, etc | ArchiTangle |
| Date of publication, distribution, etc | 2022 |
| 942 ## - ADDED ENTRY ELEMENTS (KOHA) | |
| Source of classification or shelving scheme | |
| Withdrawn status | Lost status | Source of classification or shelving scheme | Damaged status | Koha normalized classification for sorting | Not for loan | Permanent location | Current location | Date acquired | Source of acquisition | Cost, normal purchase price | Full call number | Barcode | Date last seen | Cost, replacement price | Price effective from | Koha item type |
|---|---|---|---|---|---|---|---|---|---|---|---|---|---|---|---|---|
| 624_151000000000000 | BMS College of Architecture, Design and Planning | BMS College of Architecture, Design and Planning | 2024-07-08 | 1 | 5615.10 | 624.151 | AR-UG3983 | 2024-07-08 | 7486.80 | 2024-07-08 | B.PLAN | |||||
| 624_151000000000000 | BMS College of Architecture, Design and Planning | BMS College of Architecture, Design and Planning | 2024-07-08 | 1 | 5615.10 | 624.151 | AR-UG3982 | 2024-07-08 | 7486.80 | 2024-07-08 | B.PLAN | |||||
| 624_151000000000000 | BMS College of Architecture, Design and Planning | BMS College of Architecture, Design and Planning | 2024-07-08 | 1 | 5615.10 | 624.151 | AR-UG3981 | 2024-07-08 | 7486.80 | 2024-07-08 | B.PLAN | |||||
| 624_151000000000000 | BMS College of Architecture, Design and Planning | BMS College of Architecture, Design and Planning | 2024-07-08 | 1 | 5615.10 | 624.151 | AR-UG3979 | 2024-07-08 | 7486.80 | 2024-07-08 | B.PLAN | |||||
| 624_151000000000000 | BMS College of Architecture, Design and Planning | BMS College of Architecture, Design and Planning | 2024-07-08 | 1 | 5615.10 | 624.151 | AR-UG3980 | 2024-07-08 | 7486.80 | 2024-07-08 | B.PLAN |